| 000 | 00691nam a22001337a 4500 | ||
|---|---|---|---|
| 040 | _cRUA | ||
| 082 | _aAGR HON 2017 B636 Or.1 | ||
| 100 | _aHONG CHANTHY ហាង់ ចាន់ធី | ||
| 245 | _aeffect of application time of urea fertilizer on growth and yield of bunching onion ប្រសិទ្ធភាពនៃការប្រើប្រាស់ជីអ៊ុយរ៉េនៅលើការលូតលាស់និងទិន្នផលដំណាំខ្ទឹមស្លឹក | ||
| 260 |
_aRUA _bPhnom penh _c20167 |
||
| 300 |
_ax;36p _bill; _c29cm |
||
| 856 | _uhttps://drive.google.com/file/d/1-flve3PMYFBfYUZW3NftVuiO5CBTLCed/view?usp=sharing | ||
| 942 | _cAGR | ||
| 999 |
_c18056 _d18056 |
||